00630nam a2200205 a 45000010005000000030009000050080041000140200015000550400028000700820017000981000026001152450065001412600039002063000010002454900027002555900085002826500028003679420012003959990017004078262CO-ViMGA141112s2004 ck r 000 u spa d a9583003859 aCO-ViMGAbspacCO-ViMGA04aCo861.5 B17p1 aBarba Jacob, Porfirio10aPorfirio Barba Jacob : bSeleccion / cBarba Jacob Porfirio  aBogotá, cPanAméricana, c1997 a68 p. aCuadernillos de poesia aForma de adquisición : donacion - - Proveedor : Biblioteca Luis Ángel Arango14apoesia colombiana91069 2ddccBK c20071d20071